How many cities in Bhutan can you name? - Statistics

General Stats
  • This quiz has been taken 122 times
  • The average score is 4 of 27
Answer Stats
Population Answer % Correct
98,676 Thimphu
100%
2,169 Paro
43%
1,449 Ha
28%
21,500 Punākha
21%
17,043 Phuntsholing
20%
4,829 Jakar
19%
548 Gasa
18%
872 Trashigang
16%
2,243 Daga
14%
2,969 Mongar
14%
7,507 Samdrup Jongkhar
13%
5,479 Samtse
13%
3,025 Trashi Yangtse
13%
2,805 Trongsa
13%
7,507 Wangdue Phodrang
12%
10,416 Sarpang
10%
18,667 Tsirang
10%
100 Lhuentse
9%
707 Nganglam
7%
3,032 Pajo
7%
13,864 Pemagatshel
7%
662 Daifam
5%
1,666 Daphu
5%
852 Shemgang
5%
2,855 Tsimasham
5%
656 Bhangtar
3%
1,360 Panbang
3%
No matching quizzes found
Score Distribution
Percent of People with Each Score
Percentile by Number Answered
Your Score History
You have not taken this quiz